| 000 | 01787nam a2200241Ia 4500 | ||
|---|---|---|---|
| 008 | 260220t1931||||xx |||||||||||||| ||spa|| | ||
| 040 |
_aPY-SlUNAC _bspa _erda |
||
| 041 | _aspa | ||
| 082 |
_a530 _bT957t |
||
| 100 |
_aTurpain, Alberto _eAutor |
||
| 245 | 0 |
_aTratado teórico - práctico de física / _cpor Alberto Turpain [Autor] |
|
| 264 |
_aBarcelona : _bAraluce, _c℗1931. |
||
| 300 | _a1 volumen | ||
| 520 | _aEl "Tratado teórico-práctico de física" de Alberto Turpain, publicado en 1931, es una obra integral que aborda de manera exhaustiva los principios fundamentales de la física, integrando tanto la teoría como aplicaciones prácticas. El texto se organiza en secciones que cubren diversas áreas de la física, incluyendo mecánica, termodinámica, electromagnetismo, y óptica, permitiendo al lector comprender los conceptos desde una perspectiva tanto conceptual como experimental. Turpain destaca la importancia de los experimentos y la observación en el aprendizaje de la física, ofreciendo una variedad de ejemplos y ejercicios que facilitan la aplicación de los principios discutidos. Además, el autor presenta una clara exposición de las leyes físicas, apoyada en un lenguaje accesible y didáctico, lo que lo convierte en un recurso valioso para estudiantes y educadores. A través de su enfoque práctico, el libro no solo busca el entendimiento teórico, sino también la habilidad para aplicar los conocimientos en contextos reales, fomentando un aprendizaje activo y crítico. | ||
| 653 | _aEducación científica | ||
| 653 | _aFísica | ||
| 653 | _aMétodos de enseñanza | ||
| 942 |
_b2026/02/17 _cBK |
||
| 999 |
_c7736 _d7736 |
||